000 00304nam a22001337a 4500
003 OSt
005 20231128162217.0
008 231128b |||||||| |||| 00| 0 eng d
040 _cCO-JMCR
082 _aN /
_bMURu1
100 _aMurakami, Haruki,
_942992
245 _a1Q84 :
_blibro 3 /
942 _2ddc
_cBK
999 _c30430
_d16814